Statistics for 10 Oldest Active NBA Coaches

Click here to take the quiz!

General Stats

  • This quiz has been taken 17 times
    (9 since last reset)
  • The average score is 4 of 10

Answer Stats

AgeHC% Correct
73Gregg Popovich
100%
60Doc Rivers
56%
52Mike Budenholzer
44%
54Nick Nurse
44%
56Steve Kerr
44%
57Billy Donovan
22%
65Dwayne Casey
22%
62Rick Carlisle
22%
64Tom Thibodeau
11%
57Nate McMillan
0%

Score Distribution

Percentile by Number Answered

Percent of People with Each Score

Your Score History

You have not taken this quiz since the last reset